Geografia Włoch, San Marino i Watykanu od A do Z - Statystyki

Ogólne statystyki
  • Ten quiz został rozwiązany 42 razy
  • Średni wynik to 16 z 23
Statystyki odpowiedzi
Litera Pytania Odpowiedź % Poprawnych
F Które miasto jest stolicą Toskanii, kolebką wczesnego włoskiego renesansu? Florencja
94%
A Jaką nazwę nosi półwysep na którym położone są Włochy? Apeniński
91%
B Które miasto w północnych Włoszech należy kojarzyć z popularną wersją spaghetti w sosie pomidorowym i mięsem? Bolonia
91%
E Jaką nazwę nosi jednostka monetarna obowiązująca w San Marino? Euro
91%
M Które włoskie miasto uważane jest za jedną z czterech światowych stolic mody? Mediolan
91%
W Jaką nazwę nosi wulkan o którym mowa w pytaniu na literę "P"? Wezuwiusz
88%
O Na mocy rezolucji 744 z 25 lutego 1992 roku, San Marino stało się członkiem której organizacji międzynarodowej? ONZ
85%
R Terytorium jest zupełnie otoczone przez to które włoskie miasto? Rzym
85%
K Jak potocznie określa się znajdujący się w Rzymie amfiteatr, wzniesiony przez cesarza Wespazjana i Tytusa? Koloseum
82%
P Jaką nazwę nosi starożytne miasto leżące blisko dzisiejszego Neapolu zniszczone przez wybuch wulkanu? Pompeje
82%
S Jaką nazwę nosi należąca do Włoch wyspa u południowej części tego kraju? Sycylia
82%
L Który północnoafrykański kraj podbiły Włochy w 1911 roku zamieniając go w jedną ze swoich kolonii? Libia
79%
Ś Jaką nazwę nosi główny plac Watykanu? Świętego Piotra
79%
J Jaką nazwę nosi morze pomiędzy wybrzeżem Włoch a Grecji? Jońskie
73%
N Pomimo, że Tyrol południowy znajduje się w granicach Włoch, przeszło 70% mieszkańców tego regionu posługuje się którym językiem? Niemiecki
70%
H Jak miał na imię kartagiński dowódca, który przeprawił się przez Alpy i prawie doprowadził do upadku Rzymu? Hannibal
61%
G Jaką nazwę nosi największe, słynące z czystej wody jezioro we Włoszech? Garda
52%
I W jakie starożytne święto rzymskie został zamordowany Juliusz Cezar? Idy marcowe
52%
T Jaką nazwę nosi morze pomiędzy Sardynią w półwyspem apenińskim? Tyrreńskie
52%
U Jak miał na imię papież w latach 222-230, święty kościoła katolickiego, który wprowadził do mszy używanie kielicha i pateny ze złota lub srebra? Urban
48%
C Upadek tego państwa istniejącego między innymi na terenach dzisiejszych Włoch uważa się za koniec okresu starożytności. Cesarstwo zachodniorzymskie
30%
Z Wybrzeże tego akwenu wodnego na skraju Morza Liguryjskiego w północnych Włoszech nazywane jest "Włoską Riwierą". Zatoka Genueńska
9%
D Jaką nazwę nosi największe miasto San Marino? Dogana
0%
Nie znaleziono quizów pasujących do podanych kryteriów
Rozkład punktacji
Procent ludzi z każdym wynikiem
Percentyl według liczby udzielonych odpowiedzi
Twoja historia wyników
Nie rozwiązałeś tego quizu